Российские города на А - Statistics

General Stats
  • This quiz has been taken 557 times
  • The average score is 13 of 57
Answer Stats
Регион Город % Correct
Архангельская область Архангельск
78%
Астраханская область Астрахань
77%
Хакасия Абакан
64%
Краснодарский Край Анапа
52%
Чукотский АО Анадырь
48%
Республика Крым Алушта
42%
Краснодарский Край Армавир
41%
Приморский Край Артем
39%
Татарстан Альметьевск
38%
Республика Крым Алупка
36%
Красноярский Край Ачинск
34%
Иркутская область Ангарск
33%
Нижегородская область Арзамас
32%
Владимирская область Александров
30%
Адыгея Адыгейск
27%
Хабаровский Край Амурск
26%
Ростовская область Азов
25%
Пермский Край Александровск
23%
Мурманская область Апатиты
23%
Республика Крым Армянск
23%
Свердловская область Алапаевск
21%
Красноярский Край Артемовск
21%
Хакасия Абаза
20%
Якутия Алдан
20%
Астраханская область Ахтубинск
19%
Челябинская область Аша
19%
Татарстан Арск
18%
Ростовская область Аксай
17%
Белгородская область Алексеевка
17%
Свердловская область Асбест
17%
Кранодарский Край Абинск
16%
Северная Осетия Алагир
16%
Московская область Апрелевка
16%
Чечня Аргун
16%
Татарстан Азнакаево
15%
Чувашия Алатырь
15%
Тульская область Алексин
15%
Кемеровская область Анжеро-Судженск
15%
Краснодарский Край Апшеронск
15%
Башкортостан Агидель
14%
Татарстан Агрыз
14%
Тыва Ак-Довурак
14%
Сахалинская область Александровск-Сахалинский
14%
Чечня Ачхой-Мартан
14%
Алтайский Край Алейск
13%
Мордовия Ардатов
13%
Северная Осетия Ардон
13%
Приморский Край Арсеньев
13%
Оренбургская область Абдулино
12%
Сахалинская область Анива
11%
Свердловская область Арамиль
11%
Свердловская область Артемовский
11%
Тверская область Андреаполь
10%
Томская область Асино
10%
Саратовская область Аркадак
9%
Иркутская область Алмазай
8%
Саратовская область Аткарск
8%
No matching quizzes found
Score Distribution
Percent of People with Each Score
Percentile by Number Answered
Your Score History
You have not taken this quiz